000 00554nam a2200193 i 4500
001 65319
003 ES-MaACL
005 20230906165339.0
007 t|
008 040112s1978 sp ||||1| spa d
100 1 _aFreire, Paulo.
_952462
245 1 0 _aPedagogía y acción liberadora /
_cPaulo Freire.
260 _a[Bilbao :
_bZero,
_c1978] (
_eMadrid :
_fT. Sánchez)
300 _a119 p. ;
_c17 cm.
490 1 _aLee y discute ;
_v94
830 0 _aLee y discute ;
_v94
_9181315
852 _aES-MaACL
_jA-9208
_bR.98414
999 _c65319
_d65319